Political theory ( Textbook for class XI) (Record no. 519255)

000 -LEADER
fixed length control field 00386nam a22001097a 4500
082 ## - DEWEY DECIMAL CLASSIFICATION NUMBER
Classification number PKP B2 P759\c.2
100 ## - MAIN ENTRY--PERSONAL NAME
Personal name N.C.E.R.T.
9 (RLIN) 29973
245 ## - TITLE STATEMENT
Title Political theory ( Textbook for class XI)
Statement of responsibility, etc by National Council of Educational Research Training
260 ## - PUBLICATION, DISTRIBUTION, ETC. (IMPRINT)
Place of publication, distribution, etc New Delhi
Name of publisher, distributor, etc National Council of Educational Research Tranining
Date of publication, distribution, etc 2006
300 ## - PHYSICAL DESCRIPTION
Extent 158p.
650 ## - SUBJECT ADDED ENTRY--TOPICAL TERM
Topical term or geographic name as entry element Political theory
9 (RLIN) 29974
Holdings
Withdrawn status Lost status Source of classification or shelving scheme Damaged status Koha normalized classification for sorting Not for loan Permanent location Current location Date acquired Full call number Barcode Date last seen Price effective from Koha item type
        PKP_B2_P759C_2_000000000000000   Indian Institute of Public Administration Indian Institute of Public Administration 2022-02-16 PKP B2 P759\c.2 88728 2022-02-16 2022-02-16 Book

Powered by Koha